000 00554nam a22001817a 4500
003 OSt
005 20220107122822.0
008 161020b xxu||||| |||| 00| 0 eng d
040 _cIIITMK
100 _aKarthika Kurup B A (93614024)
_910911
245 _aMalware detection using system call defendency graph
_cKarthika Kurup B A
300 _aCSIS - Major Project
502 _bCSIS
_c2014-16
_dINT
_eDr. Tony Thomas
650 _aCOPMPUTER SCIENCE
_910912
650 _aCOMPUTER SECURITY
_910913
651 _aMALWARE DETECTION
_910914
942 _2ddc
_cPR
999 _c5432
_d5432